Research methodology basic concepts, methods, and techniques (Record no. 312131)

MARC details
000 -LEADER
fixed length control field 00567 a2200193 4500
005 - DATE & TIME
control field 20240415122117.0
008 - FIXED-LENGTH DATA ELEMENTS--GENERAL INFORMATION
fixed length control field 240415b |||||||| |||| 00| 0 eng d
020 ## - ISBN
International Standard Book Number 9789395829670
Price Rs. 995.00
040 ## - CATALOGING SOURCE
Original cataloging agency VIVEKANANDA LIBRARY
082 ## - DDC NUMBER
Classification number 300.72
Book Number B146R
100 ## - MAIN ENTRY--PERSONAL NAME
Personal name Bagal, Yudhisther Singh
245 ## - TITLE STATEMENT
Title Research methodology basic concepts, methods, and techniques
260 ## - PUBLICATION, DISTRIBUTION, ETC. (IMPRINT)
Name of publisher, distributor, etc Friends Publications (India)
Date of publication, distribution, etc 2023
Place of publication, distribution, etc New Delhi
300 ## - PHYSICAL DESCRIPTION
Pages 187
650 ## - Subject
Subject Research Methodology
650 ## - Subject
Subject Qualitative Research Methods
700 ## - Added Entry Personal Name
Added Entry Personal Name Anand, Meenakshi
942 ## - ADDED ENTRY ELEMENTS (KOHA)
Koha item type Books
Holdings
Withdrawn status Lost status Source of classification or shelving scheme Damaged status Not for loan Location (home branch) Sublocation or collection (holding branch) Date acquired Koha issues (times borrowed) Koha full call number Accession No. Koha date last seen Koha item type
    Dewey Decimal Classification     VIVEKANANDA LIBRARY VIVEKANANDA LIBRARY 20/01/2024   300.72 B146R 409025 20/01/2024 Books
© Designed and Maintained by Vivekananda Library, MDU Rohtak